[Event "FRA-chT Top 12"]
[Site "Chalons en Champagne"]
[Date "2021.07.04"]
[Round "11.3"]
[White "Papadiamandis, Elliot"]
[Black "Spielmann, Alain"]
[Result "1-0"]
[WhiteElo "2327"]
[BlackElo "2209"]
[PlyCount "67"]
[EventDate "2021.06.24"]
[EventType "team-tourn"]
[EventRounds "11"]
[EventCountry "FRA"]
[SourceTitle "CBM 203 Extra"]
[Source "ChessBase"]
[SourceDate "2021.09.30"]
[SourceVersion "1"]
[SourceVersionDate "2021.09.30"]
[SourceQuality "1"]
[WhiteTeam "Mulhouse Philidor"]
[BlackTeam "Vandoeuvre"]
[WhiteTeamCountry "FRA"]
[BlackTeamCountry "FRA"]

1. e4 c6 2. d4 d5 3. Nc3 dxe4 4. Nxe4 Nf6 5. Nxf6+ gxf6 6. Nf3 Bg4 7. Be2 e6 8. Bf4 Bd6 9. Qd2 Qc7 10. Bxd6 Qxd6 11. 0-0-0 Nd7 12. Qa5 0-0 13. Kb1 Kh8 14. h3 Bxf3 15. Bxf3 Rg8 16. Qh5 Rg7 17. c4 Qf4 18. g3 Qg5 19. Qxg5 Rxg5 20. d5 exd5 21. cxd5 c5 22. d6 c4 23. Rhe1 Re5 24. Rxe5 fxe5 25. Bxb7 Rd8 26. Bd5 c3 27. bxc3 Kg7 28. Kc2 Nc5 29. Bc6 Kf6 30. d7 Ke7 31. Rd5 Ne6 32. Ba4 f6 33. Ra5 Ng5 34. c4 1-0

[Event "FRA-chT Top 12"]
[Site "Brest"]
[Date "2019.05.18"]
[Round "1.7"]
[White "Spielmann, Alain"]
[Black "Smith, Axel"]
[Result "0-1"]
[WhiteElo "2216"]
[BlackElo "2481"]
[PlyCount "34"]
[EventDate "2019.05.18"]
[EventType "team-tourn"]
[EventRounds "11"]
[EventCountry "FRA"]
[SourceTitle "CBM 190 Extra"]
[Source "ChessBase"]
[SourceDate "2019.07.15"]
[SourceVersion "1"]
[SourceVersionDate "2019.07.15"]
[SourceQuality "1"]
[WhiteTeam "Vandoeuvre"]
[BlackTeam "Mulhouse"]
[WhiteTeamCountry "FRA"]
[BlackTeamCountry "FRA"]

1. d4 e6 2. Nf3 c5 3. c3 d5 4. Bf4 Bd6 5. Bxd6 Qxd6 6. e3 Nc6 7. Nbd2 Nf6 8. Bb5 0-0 9. 0-0 Bd7 10. Re1 Nxd4 11. exd4 Bxb5 12. Ne5 Nd7 13. Qh5 cxd4 14. cxd4 f6 15. Ng4 Bd3 16. Qh3 Bf5 17. Nf3 Qf4 0-1

[Event "Oberliga Sued W 1516"]
[Site "Germany"]
[Date "2016.03.06"]
[Round "8.4"]
[White "Spielmann, Alain"]
[Black "Weller, Manuel"]
[Result "1-0"]
[WhiteElo "2178"]
[BlackElo "2158"]
[PlyCount "75"]
[EventDate "2015.09.20"]
[EventType "team-tourn"]
[EventRounds "9"]
[EventCountry "GER"]
[SourceTitle "EXT 2017"]
[Source "ChessBase"]
[SourceDate "2016.10.25"]
[SourceVersion "1"]
[SourceVersionDate "2016.10.25"]
[SourceQuality "1"]
[WhiteTeam "Saarbruecken SVG"]
[BlackTeam "Schwarzenbach Caissa"]
[WhiteTeamCountry "GER"]
[BlackTeamCountry "GER"]

1. d4 Nf6 2. Nf3 e6 3. Bg5 b6 4. e3 Bb7 5. Bd3 c5 6. 0-0 Be7 7. c4 0-0 8. Nc3 cxd4 9. exd4 d5 10. Qe2 dxc4 11. Bxc4 Nc6 12. Rad1 Nb4 13. Ne5 Nbd5 14. Rd3 Nxc3 15. bxc3 Ne4 16. Bc1 Bg5 17. f4 Bf6 18. Rh3 g6 19. Ng4 Bg7 20. Ba3 Nd6 21. Bb3 Qc7 22. Qe1 h5 23. Ne5 Rfe8 24. Qe2 Bd5 25. Bxd5 exd5 26. Bxd6 Qxd6 27. Re3 Bh6 28. g4 hxg4 29. Nxg4 Rxe3 30. Nxh6+ Kh7 31. Qxe3 Kxh6 32. f5+ Kg7 33. f6+ Kg8 34. Qh6 Qf8 35. Qh4 Qe8 36. Rf3 Qe4 37. Qh6 Qe1+ 38. Rf1 1-0

[Event "Oberliga Sued W 1516"]
[Site "Germany"]
[Date "2016.02.21"]
[Round "7.3"]
[White "Spielmann, Alain"]
[Black "Forthoffer, Patrick"]
[Result "1-0"]
[WhiteElo "2178"]
[BlackElo "2177"]
[PlyCount "67"]
[EventDate "2015.09.20"]
[EventType "team-tourn"]
[EventRounds "9"]
[EventCountry "GER"]
[SourceTitle "EXT 2017"]
[Source "ChessBase"]
[SourceDate "2016.10.25"]
[SourceVersion "1"]
[SourceVersionDate "2016.10.25"]
[SourceQuality "1"]
[WhiteTeam "Saarbruecken SVG"]
[BlackTeam "Saarbruecken Gambit"]
[WhiteTeamCountry "GER"]
[BlackTeamCountry "GER"]

1. d4 Nf6 2. Nf3 d6 3. Bg5 Nbd7 4. c4 e5 5. Nc3 Be7 6. e3 c6 7. Qc2 0-0 8. 0-0-0 Qc7 9. Bd3 Re8 10. g4 Nf8 11. Rdg1 Nxg4 12. h3 Nf6 13. h4 Kh8 14. h5 h6 15. Bh4 N6h7 16. Rh2 exd4 17. Rhg2 Ng5 18. Bxg5 Bxg5 19. Nxg5 hxg5 20. exd4 g4 21. Bf5 d5 22. Rxg4 dxc4 23. Bxc8 Raxc8 24. Qf5 Qd7 25. Qf3 Ne6 26. h6 g6 27. d5 cxd5 28. Nxd5 c3 29. bxc3 Red8 30. Qf6+ Kh7 31. Rxg6 fxg6 32. Qxg6+ Kh8 33. Qf6+ Kh7 34. Qf5+ 1-0

[Event "FRA-chT2 1516"]
[Site "France"]
[Date "2016.01.09"]
[Round "4"]
[White "Spielmann, Alain"]
[Black "Lalic, Bogdan"]
[Result "1/2-1/2"]
[WhiteElo "2213"]
[BlackElo "2439"]
[PlyCount "38"]
[EventDate "2015.12.16"]
[EventType "team-tourn"]
[EventRounds "11"]
[EventCountry "FRA"]
[SourceTitle "EXT 2024"]
[Source "ChessBase"]
[SourceDate "2023.10.10"]
[SourceVersion "1"]
[SourceVersionDate "2023.10.10"]
[SourceQuality "1"]

1. d4 Nf6 2. Nf3 b6 3. Bg5 Bb7 4. e3 e6 5. Bd3 c5 6. 0-0 Be7 7. c4 cxd4 8. exd4 d5 9. Nc3 dxc4 10. Bxc4 0-0 11. Re1 Nc6 12. a3 Rc8 13. Ba2 Nd5 14. Bxd5 Bxg5 15. Be4 Bf6 16. Qd3 g6 17. Rad1 Re8 18. Qe3 Qd6 19. h4 Bg7 1/2-1/2

[Event "Oberliga Sued W 1516"]
[Site "Germany"]
[Date "2015.12.13"]
[Round "4.5"]
[White "Bohn, Thomas"]
[Black "Spielmann, Alain"]
[Result "1-0"]
[WhiteElo "2336"]
[BlackElo "2178"]
[PlyCount "67"]
[EventDate "2015.09.20"]
[EventType "team-tourn"]
[EventRounds "9"]
[EventCountry "GER"]
[SourceTitle "CBM 170 Extra"]
[Source "ChessBase"]
[SourceDate "2016.02.25"]
[SourceVersion "1"]
[SourceVersionDate "2016.02.25"]
[SourceQuality "1"]
[WhiteTeam "Koblenz"]
[BlackTeam "Saarbruecken SVG"]
[WhiteTeamCountry "GER"]
[BlackTeamCountry "GER"]

1. f4 g6 2. Nf3 Bg7 3. e4 d5 4. e5 Nh6 5. g3 0-0 6. Bg2 c5 7. 0-0 Nc6 8. d3 f6 9. exf6 exf6 10. Re1 Qd6 11. Nc3 Rd8 12. Nh4 Bg4 13. Qd2 Be6 14. Nb5 Qd7 15. Rxe6 Qxe6 16. Nc7 Qd7 17. Nxa8 f5 18. c3 Rxa8 19. h3 Re8 20. Qd1 Nf7 21. Bd2 Bf6 22. Nf3 Kg7 23. Qb3 c4 24. dxc4 Na5 25. Qb5 Qxb5 26. cxb5 Nc4 27. Re1 Rxe1+ 28. Bxe1 Nxb2 29. Nd4 Nd6 30. Bxd5 Bxd4+ 31. cxd4 Nd3 32. Bd2 Nxb5 33. Bc4 Nxd4 34. Bc3 1-0

[Event "Oberliga Sued W 1415"]
[Site "Germany"]
[Date "2014.09.21"]
[Round "1.3"]
[White "Spielmann, Alain"]
[Black "Reha, Fauad"]
[Result "1-0"]
[WhiteElo "2181"]
[BlackElo "1976"]
[PlyCount "73"]
[EventDate "2014.09.21"]
[EventType "team-tourn"]
[EventRounds "9"]
[EventCountry "GER"]
[SourceTitle "EXT 2019"]
[Source "ChessBase"]
[SourceDate "2018.10.10"]
[SourceVersion "1"]
[SourceVersionDate "2018.10.10"]
[SourceQuality "1"]
[WhiteTeam "Saarbruecken SVG"]
[BlackTeam "Mutterstadt"]
[WhiteTeamCountry "GER"]
[BlackTeamCountry "GER"]

1. c4 Nf6 2. g3 g6 3. Bg2 Bg7 4. Nc3 d6 5. e4 0-0 6. Nge2 c5 7. 0-0 Nc6 8. d3 Rb8 9. h3 h6 10. Be3 e5 11. Qd2 Kh7 12. f4 Qe7 13. f5 Bd7 14. g4 g5 15. Bf3 Ne8 16. Kg2 f6 17. Rh1 Nc7 18. h4 Kg8 19. Rh3 Kf7 20. Rah1 Rh8 21. Ng3 Rbg8 22. Nh5 Kf8 23. Bd1 Nd8 24. Ba4 Nf7 25. Bxd7 Qxd7 26. hxg5 hxg5 27. Kf3 Qd8 28. R3h2 Rh6 29. Rb1 Rgh8 30. b4 b6 31. a4 R6h7 32. a5 Nh6 33. axb6 axb6 34. bxc5 bxc5 35. Qa2 Qe8 36. Ng3 Kg8 37. Rb7 1-0

[Event "Cannes op 26th"]
[Site "Cannes"]
[Date "2014.07.10"]
[Round "6"]
[White "Kashtanov, Ruslan"]
[Black "Spielmann, Alain"]
[Result "1-0"]
[WhiteElo "2309"]
[BlackElo "2181"]
[PlyCount "73"]
[EventDate "2014.07.07"]
[EventType "swiss"]
[EventRounds "9"]
[EventCountry "FRA"]
[SourceTitle "EXT 2015"]
[Source "ChessBase"]
[SourceDate "2014.11.20"]
[SourceVersion "1"]
[SourceVersionDate "2014.11.20"]
[SourceQuality "1"]

1. e4 c5 2. Nf3 e6 3. c3 Nf6 4. e5 Nd5 5. d4 cxd4 6. cxd4 d6 7. Bc4 Nb6 8. Bb3 dxe5 9. Nxe5 Nc6 10. Nxc6 bxc6 11. 0-0 Be7 12. Nc3 0-0 13. Qd3 a5 14. Bc2 g6 15. Rd1 Ba6 16. Qf3 Nd5 17. Ne4 Bc4 18. Bh6 Re8 19. Nd2 Ba6 20. Bb3 Rb8 21. Rac1 Rb4 22. Bc4 Bxc4 23. Nxc4 f6 24. Bd2 Rb5 25. a4 Rb7 26. Bxa5 Qa8 27. b3 Bb4 28. Bxb4 Rxb4 29. Nd6 Re7 30. Ne4 Kf7 31. Rc4 Rb8 32. Rdc1 e5 33. Rxc6 exd4 34. Nd6+ Kg7 35. Qxd5 Rxb3 36. Qc5 Qxa4 37. Nf5+ 1-0

[Event "Cannes op 26th"]
[Site "Cannes"]
[Date "2014.07.09"]
[Round "4"]
[White "Afraoui, Solenn"]
[Black "Spielmann, Alain"]
[Result "0-1"]
[WhiteElo "1985"]
[BlackElo "2181"]
[PlyCount "76"]
[EventDate "2014.07.07"]
[EventType "swiss"]
[EventRounds "9"]
[EventCountry "FRA"]
[SourceTitle "EXT 2015"]
[Source "ChessBase"]
[SourceDate "2014.11.20"]
[SourceVersion "1"]
[SourceVersionDate "2014.11.20"]
[SourceQuality "1"]

1. e4 c5 2. Nf3 e6 3. d4 cxd4 4. Nxd4 Nc6 5. Nb5 d6 6. Bf4 e5 7. Be3 a6 8. N5c3 Nf6 9. Na3 Be6 10. Nc4 Bxc4 11. Bxc4 Be7 12. a4 Rc8 13. Bd5 0-0 14. 0-0 h6 15. f3 Qc7 16. g4 Na5 17. h4 Qd8 18. Ba2 Nc4 19. Bxc4 Rxc4 20. a5 d5 21. g5 d4 22. gxf6 Bxf6 23. Nd5 dxe3 24. Qe2 Rc6 25. h5 Bg5 26. c3 Bf4 27. Nxe3 Qg5+ 28. Ng2 Qxh5 29. Nxf4 exf4 30. Rf2 Rg6+ 31. Rg2 Rd8 32. Rxg6 Qxg6+ 33. Kf1 Qh5 34. Qg2 Rd3 35. Ke2 Qb5 36. Ke1 Re3+ 37. Kd1 Qd3+ 38. Qd2 Qf1+ 0-1

[Event "Cannes op 26th"]
[Site "Cannes"]
[Date "2014.07.08"]
[Round "2"]
[White "Pile, Richard"]
[Black "Spielmann, Alain"]
[Result "1-0"]
[WhiteElo "2414"]
[BlackElo "2181"]
[PlyCount "111"]
[EventDate "2014.07.07"]
[EventType "swiss"]
[EventRounds "9"]
[EventCountry "FRA"]
[SourceTitle "EXT 2015"]
[Source "ChessBase"]
[SourceDate "2014.11.20"]
[SourceVersion "1"]
[SourceVersionDate "2014.11.20"]
[SourceQuality "1"]

1. Nf3 g6 2. c4 Bg7 3. Nc3 e5 4. g3 d6 5. Bg2 Nc6 6. Rb1 a5 7. a3 Nf6 8. b4 axb4 9. axb4 0-0 10. 0-0 Re8 11. b5 Nd4 12. d3 Bg4 13. e3 Nxf3+ 14. Bxf3 h5 15. Bxg4 Nxg4 16. Qf3 e4 17. Nxe4 Ne5 18. Qe2 Nxc4 19. h4 d5 20. Ng5 Ne5 21. Bb2 Ra2 22. Qd1 Bf6 23. Bxe5 Bxe5 24. Qb3 Ra5 25. Kg2 Bf6 26. Nf3 Qd6 27. Rfc1 Rea8 28. Qc2 Bd8 29. Rb2 Ra4 30. Qc5 Qe6 31. Rb4 Rxb4 32. Qxb4 Be7 33. Qb2 Bd6 34. Ra1 Rxa1 35. Qxa1 Qe8 36. Qa4 Bc5 37. Qa5 Bb6 38. Qb4 Qf8 39. Qf4 Qe8 40. Ng5 Kg7 41. Qb4 Qe5 42. Qb3 Qf5 43. Nh3 Ba5 44. Nf4 d4 45. Qa4 Bc3 46. Qc4 g5 47. hxg5 h4 48. Qxc7 hxg3 49. e4 Qg4 50. f3 Qh4 51. Qe5+ Kg8 52. Nh3 Qh5 53. Qb8+ Kg7 54. Qxg3 Qg6 55. Qe5+ Kg8 56. Nf4 1-0

[Event "Granada Nazari IM"]
[Site "Granada"]
[Date "2014.04.19"]
[Round "8"]
[White "Guerreiro, Nuno M"]
[Black "Spielmann, Alain"]
[Result "1/2-1/2"]
[WhiteElo "2142"]
[BlackElo "2184"]
[PlyCount "41"]
[EventDate "2014.04.15"]
[EventType "tourn"]
[EventRounds "9"]
[EventCountry "ESP"]
[EventCategory "2"]
[SourceTitle "CBM 160 Extra"]
[Source "ChessBase"]
[SourceDate "2014.07.01"]
[SourceVersion "1"]
[SourceVersionDate "2014.07.01"]
[SourceQuality "1"]

1. Nf3 g6 2. g3 Bg7 3. Bg2 d5 4. c4 dxc4 5. Qa4+ Nc6 6. Qxc4 Nf6 7. 0-0 0-0 8. Qc2 Bg4 9. Nc3 Bxf3 10. Bxf3 Nd4 11. Qd3 Nxf3+ 12. Qxf3 c6 13. d3 Qd7 14. Rb1 Nd5 15. Bd2 Nc7 16. Rfc1 Ne6 17. Be3 Bd4 18. Bh6 Bg7 19. Be3 Bd4 20. Bh6 Bg7 21. Be3 1/2-1/2

[Event "Granada Nazari IM"]
[Site "Granada"]
[Date "2014.04.17"]
[Round "4"]
[White "Gavilan Diaz, Mario"]
[Black "Spielmann, Alain"]
[Result "1-0"]
[WhiteElo "2269"]
[BlackElo "2184"]
[PlyCount "53"]
[EventDate "2014.04.15"]
[EventType "tourn"]
[EventRounds "9"]
[EventCountry "ESP"]
[EventCategory "2"]
[SourceTitle "CBM 160 Extra"]
[Source "ChessBase"]
[SourceDate "2014.07.01"]
[SourceVersion "1"]
[SourceVersionDate "2014.07.01"]
[SourceQuality "1"]

1. e4 c5 2. Nf3 e6 3. d4 cxd4 4. Nxd4 Nc6 5. Nc3 Qc7 6. Be3 Nf6 7. Qd2 a6 8. 0-0-0 Bb4 9. f3 0-0 10. g4 b5 11. Kb1 Rb8 12. g5 Ne8 13. Nxc6 dxc6 14. h4 e5 15. h5 Be6 16. Bh3 Bxh3 17. Rxh3 Nd6 18. Qe2 Nc4 19. Rd3 Rfd8 20. Bc1 Rxd3 21. cxd3 Bxc3 22. bxc3 Nb6 23. g6 Na4 24. Qc2 fxg6 25. hxg6 hxg6 26. Qb3+ Kf8 27. Qe6 1-0

[Event "Oberliga Sued W 1314"]
[Site "Germany"]
[Date "2014.03.16"]
[Round "8.4"]
[White "Dillmann, Markus"]
[Black "Spielmann, Alain"]
[Result "1-0"]
[WhiteElo "2100"]
[BlackElo "2197"]
[PlyCount "53"]
[EventDate "2013.10.13"]
[EventType "team-tourn"]
[EventRounds "9"]
[EventCountry "GER"]
[SourceTitle "EXT 2015"]
[Source "ChessBase"]
[SourceDate "2014.11.20"]
[SourceVersion "1"]
[SourceVersionDate "2014.11.20"]
[SourceQuality "1"]
[WhiteTeam "Gau Algesheim"]
[BlackTeam "Saarbruecken"]
[WhiteTeamCountry "GER"]
[BlackTeamCountry "GER"]

1. e4 c6 2. d4 d5 3. Nc3 g6 4. e5 Bg7 5. f4 Nh6 6. Be3 f6 7. Nf3 Bg4 8. Be2 0-0 9. 0-0 Nd7 10. h3 Nf5 11. Bf2 Bxf3 12. Bxf3 fxe5 13. dxe5 e6 14. Qe1 g5 15. g3 Kh8 16. Bg4 Qe7 17. Ne2 Bh6 18. Bxf5 Rxf5 19. Nd4 Rff8 20. f5 exf5 21. e6 Nb6 22. Nxf5 Rxf5 23. Bd4+ Kg8 24. Rxf5 Nc4 25. Rf7 Qd6 26. Rd7 Qf8 27. e7 1-0

[Event "Oberliga Sued W 1213"]
[Site "Germany"]
[Date "2012.11.25"]
[Round "3.5"]
[White "Spielmann, Alain"]
[Black "Bernhardt, Rolf"]
[Result "1/2-1/2"]
[WhiteElo "2235"]
[BlackElo "2288"]
[PlyCount "113"]
[EventDate "2012.10.21"]
[EventType "team-tourn"]
[EventRounds "9"]
[EventCountry "GER"]
[SourceTitle "EXT 2019"]
[Source "ChessBase"]
[SourceDate "2018.10.10"]
[SourceVersion "1"]
[SourceVersionDate "2018.10.10"]
[SourceQuality "1"]
[WhiteTeam "Saarbruecken SVG"]
[BlackTeam "Landau"]
[WhiteTeamCountry "GER"]
[BlackTeamCountry "GER"]

1. c4 e5 2. g3 Nc6 3. Nc3 Bc5 4. Bg2 d6 5. a3 a6 6. b4 Ba7 7. e3 Be6 8. d3 Qd7 9. Nd5 Nd8 10. Nf3 c6 11. Nc3 Ne7 12. 0-0 0-0 13. Bb2 f6 14. Rc1 Rc8 15. Re1 d5 16. Na4 dxc4 17. dxc4 Qxd1 18. Rexd1 Nf7 19. Nd2 Rfd8 20. c5 Kf8 21. Bf1 Ng5 22. Be2 Rd7 23. h4 Nf7 24. Nc4 Rcd8 25. Nab6 Bxb6 26. Nxb6 Rd2 27. Rxd2 Rxd2 28. Bc4 Bg4 29. Bc3 Rd8 30. e4 Bf3 31. Re1 h6 32. Re3 Rd1+ 33. Bf1 Bg4 34. f3 Bh3 35. Re1 Rxe1 36. Bxe1 Bxf1 37. Kxf1 Nd8 38. Bc3 Kf7 39. Ke2 Ke6 40. Nc4 g6 41. Ke3 Nf7 42. Na5 Nd8 43. Kd3 g5 44. h5 Nc8 45. Nc4 Nf7 46. Ke3 Ne7 47. f4 exf4+ 48. gxf4 gxf4+ 49. Kxf4 f5 50. Ne3 fxe4 51. Kxe4 Ng8 52. Ng4 Ng5+ 53. Kf4 Nh7 54. Bg7 Nhf6 55. Bxf6 Nxf6 56. Nxf6 Kxf6 57. a4 1/2-1/2

[Event "Chigorin Memorial 20th"]
[Site "St Petersburg"]
[Date "2012.10.31"]
[Round "5"]
[White "Klevets, Ksenia"]
[Black "Spielmann, Alain"]
[Result "1/2-1/2"]
[WhiteElo "1861"]
[BlackElo "2235"]
[PlyCount "152"]
[EventDate "2012.10.27"]
[EventType "swiss"]
[EventRounds "9"]
[EventCountry "RUS"]
[SourceTitle "EXT 2013"]
[Source "ChessBase"]
[SourceDate "2012.11.22"]
[SourceVersion "1"]
[SourceVersionDate "2012.11.22"]
[SourceQuality "1"]

1. e4 c6 2. d4 d5 3. Nc3 dxe4 4. Nxe4 Bf5 5. Nc5 e5 6. Nxb7 Qb6 7. Nc5 exd4 8. Nb3 Bb4+ 9. Bd2 Bxd2+ 10. Qxd2 c5 11. Bd3 Bxd3 12. cxd3 Ne7 13. Nf3 Nd7 14. 0-0 0-0 15. Rac1 Rac8 16. Na5 Nd5 17. Nc4 Qf6 18. Rfe1 N7b6 19. Nfe5 Rfe8 20. g3 h5 21. h4 Re6 22. Kg2 Rce8 23. Nf3 Qg6 24. Rxe6 Rxe6 25. a3 Re2 26. Nce5 Rxd2 27. Nxg6 Rxb2 28. Nge5 f6 29. Nc6 Nc3 30. Nxa7 Nbd5 31. Kf1 Ne7 32. a4 Rb7 33. Nb5 Nxb5 34. axb5 Rxb5 35. Nd2 f5 36. Nc4 Rb3 37. Ne5 Rc3 38. Rxc3 dxc3 39. Ke2 Nd5 40. Nd7 Kf7 41. Nxc5 f4 42. d4 fxg3 43. fxg3 Kf6 44. Nd3 Kf5 45. Nf2 Nb4 46. Ke3 Ke6 47. Nd3 Nd5+ 48. Ke2 Kf5 49. Nf2 Nb4 50. Ke3 c2 51. Kd2 Ke6 52. Nh3 Kd5 53. Nf4+ Kxd4 54. Nxh5 Kc4 55. Nf4 c1Q+ 56. Kxc1 Nd3+ 57. Kd2 Nxf4 58. gxf4 Kd4 59. f5 Ke4 60. f6 gxf6 61. h5 Kf5 62. h6 Kg6 63. h7 Kxh7 64. Ke3 Kh6 65. Kf4 Kg6 66. Kg4 f5+ 67. Kf4 Kf6 68. Kf3 Ke5 69. Ke3 f4+ 70. Kf3 Kf5 71. Kf2 Ke4 72. Ke2 f3+ 73. Kf2 Kf4 74. Kf1 Kg3 75. Kg1 f2+ 76. Kf1 Kf3 1/2-1/2

[Event "Chigorin Memorial 20th"]
[Site "St Petersburg"]
[Date "2012.10.29"]
[Round "3"]
[White "Mitiushkin, Marat"]
[Black "Spielmann, Alain"]
[Result "1/2-1/2"]
[WhiteElo "1953"]
[BlackElo "2235"]
[PlyCount "73"]
[EventDate "2012.10.27"]
[EventType "swiss"]
[EventRounds "9"]
[EventCountry "RUS"]
[SourceTitle "EXT 2013"]
[Source "ChessBase"]
[SourceDate "2012.11.22"]
[SourceVersion "1"]
[SourceVersionDate "2012.11.22"]
[SourceQuality "1"]

1. d4 Nf6 2. Nf3 g6 3. c4 Bg7 4. Nc3 d5 5. Bf4 0-0 6. e3 c5 7. dxc5 Qa5 8. Qd2 dxc4 9. Bxc4 Qxc5 10. Qe2 Nc6 11. Rc1 Qa5 12. 0-0 Bf5 13. h3 Ne4 14. Nxe4 Bxe4 15. Rfd1 h6 16. Nd2 Bd5 17. Bxd5 Qxd5 18. Nb3 Qe6 19. Qb5 g5 20. Bh2 Rad8 21. Rxd8 Rxd8 22. Bg3 Bxb2 23. Rb1 Be5 24. Bxe5 Nxe5 25. Qxb7 g4 26. Nd4 Qf6 27. hxg4 Nxg4 28. Nf3 a6 29. Qc7 Qd6 30. Qxd6 Rxd6 31. Kf1 Rd5 32. Ke2 Ra5 33. Rb2 Rd5 34. Rc2 Ra5 35. Rb2 Rd5 36. Rc2 Ra5 37. Rb2 1/2-1/2

[Event "Oberliga Sued W 1213"]
[Site "Germany"]
[Date "2012.10.21"]
[Round "1.6"]
[White "Spielmann, Alain"]
[Black "Hoegerl, Gerd"]
[Result "1-0"]
[WhiteElo "2235"]
[BlackElo "2148"]
[PlyCount "51"]
[EventDate "2012.10.21"]
[EventType "team-tourn"]
[EventRounds "9"]
[EventCountry "GER"]
[SourceTitle "EXT 2019"]
[Source "ChessBase"]
[SourceDate "2018.10.10"]
[SourceVersion "1"]
[SourceVersionDate "2018.10.10"]
[SourceQuality "1"]
[WhiteTeam "Saarbruecken SVG"]
[BlackTeam "Mutterstadt"]
[WhiteTeamCountry "GER"]
[BlackTeamCountry "GER"]

1. c4 Nf6 2. g3 c5 3. Bg2 d5 4. cxd5 Nxd5 5. Nc3 Nc7 6. d3 e5 7. a3 Be7 8. b4 cxb4 9. axb4 0-0 10. Rb1 Nba6 11. b5 Nc5 12. Nf3 Bf5 13. Be3 f6 14. 0-0 Qd7 15. b6 axb6 16. Rxb6 N7a6 17. Nd2 Bh3 18. Bxh3 Qxh3 19. Nde4 f5 20. Nxc5 Nxc5 21. Nd5 Bd8 22. Bxc5 Bxb6 23. Bxf8 Bd4 24. e3 Ra6 25. Qb3 Kxf8 26. Qxb7 1-0

[Event "BL2-Sued 1112"]
[Site "Germany"]
[Date "2011.10.02"]
[Round "1.6"]
[White "Miltner, Arndt"]
[Black "Spielmann, Alain"]
[Result "1/2-1/2"]
[WhiteElo "2320"]
[BlackElo "2217"]
[PlyCount "34"]
[EventDate "2011.10.02"]
[EventType "team-tourn"]
[EventRounds "9"]
[EventCountry "GER"]
[SourceTitle "EXT 2015"]
[Source "ChessBase"]
[SourceDate "2014.11.20"]
[SourceVersion "1"]
[SourceVersionDate "2014.11.20"]
[SourceQuality "1"]
[WhiteTeam "Buchen"]
[BlackTeam "Saarbruecken"]
[WhiteTeamCountry "GER"]
[BlackTeamCountry "GER"]

1. Nf3 Nf6 2. c3 g6 3. d4 Bg7 4. Bf4 0-0 5. e3 d6 6. h3 b6 7. a4 a6 8. Be2 Bb7 9. 0-0 Nbd7 10. Na3 c5 11. Nc4 Nd5 12. Bg3 cxd4 13. cxd4 a5 14. Na3 Nb4 15. Rc1 Na2 16. Ra1 Nb4 17. Rc1 Na2 1/2-1/2

[Event "Paris-ch op-A 86th"]
[Site "Paris"]
[Date "2011.07.04"]
[Round "3"]
[White "Spielmann, Alain"]
[Black "Tate, Alan"]
[Result "1/2-1/2"]
[WhiteElo "2266"]
[BlackElo "2342"]
[PlyCount "114"]
[EventDate "2011.07.02"]
[EventType "swiss"]
[EventRounds "9"]
[EventCountry "FRA"]
[SourceTitle "CBM 143 Extra"]
[Source "ChessBase"]
[SourceDate "2011.08.29"]
[SourceVersion "1"]
[SourceVersionDate "2011.08.29"]
[SourceQuality "1"]

1. Nf3 Nf6 2. c4 g6 3. Nc3 Bg7 4. e4 d6 5. d4 0-0 6. Be2 Nbd7 7. 0-0 e5 8. Be3 Re8 9. d5 Nh5 10. g3 Bf8 11. Ne1 Ng7 12. Nd3 f5 13. f3 Be7 14. Qd2 Nf6 15. Kh1 fxe4 16. Nxe4 Nf5 17. Ndf2 Rf8 18. Nxf6+ Bxf6 19. Ne4 Nxe3 20. Qxe3 Bf5 21. Bd3 Qe7 22. Rae1 a6 23. Nf2 Rae8 24. Be4 Qd8 25. b3 Kg7 26. Bxf5 gxf5 27. Nd3 Bg5 28. Qf2 Bf6 29. Qe3 Qd7 30. f4 e4 31. Nf2 h5 32. h4 Kg6 33. Nh3 Qg7 34. Rd1 b6 35. Ng5 Bxg5 36. hxg5 Rh8 37. Kg2 h4 38. Rh1 hxg3 39. Kxg3 Rxh1 40. Rxh1 Rh8 41. Rxh8 Qxh8 42. Kg2 Qa1 43. Qf2 Kf7 44. Qd2 Ke7 45. Kf2 Kd8 46. Kg2 Kd7 47. Qf2 Qc3 48. g6 e3 49. Qe2 Qd4 50. g7 Qxg7+ 51. Kf3 Qg4+ 52. Kxe3 Qg1+ 53. Kd3 Qb1+ 54. Qc2 Qf1+ 55. Qe2 Qb1+ 56. Qc2 Qf1+ 57. Qe2 Qb1+ 1/2-1/2

[Event "Figueres op 11th"]
[Site "Figueres"]
[Date "2010.08.18"]
[Round "9"]
[White "Spielmann, Alain"]
[Black "Alonso Rosell, Alvar"]
[Result "0-1"]
[WhiteElo "2286"]
[BlackElo "2521"]
[PlyCount "124"]
[EventDate "2010.08.11"]
[EventType "swiss"]
[EventRounds "9"]
[EventCountry "ESP"]
[SourceTitle "CBM 137 Extra"]
[Source "ChessBase"]
[SourceDate "2010.09.01"]
[SourceVersion "1"]
[SourceVersionDate "2010.09.01"]
[SourceQuality "1"]

1. Nf3 d5 2. d4 c5 3. c4 dxc4 4. e3 cxd4 5. Bxc4 Qc7 6. Bb5+ Bd7 7. Bxd7+ Nxd7 8. Nxd4 e5 9. Nb3 Ngf6 10. 0-0 e4 11. Nc3 Bd6 12. h3 Be5 13. Bd2 0-0 14. Rc1 Qd6 15. Qc2 Rac8 16. Rfd1 Qe6 17. Nd4 Qe8 18. Qa4 Bb8 19. Nce2 Qe5 20. Ng3 Nc5 21. Qa5 Nd3 22. Qxe5 Bxe5 23. Rxc8 Rxc8 24. Nge2 Nxb2 25. Rb1 Nc4 26. Bc3 b6 27. Nf5 Re8 28. Rd1 g6 29. Nh6+ Kg7 30. Ng4 Nxg4 31. hxg4 Re7 32. g5 h6 33. Bxe5+ Nxe5 34. Ng3 hxg5 35. Nxe4 g4 36. Rd5 f5 37. Ng3 Kf6 38. Rd6+ Kf7 39. Rd5 Ke6 40. Rd2 Rd7 41. Rc2 Rd1+ 42. Kh2 Nd3 43. Ne2 Kd7 44. Kg3 a5 45. Nc3 Rc1 46. Rxc1 Nxc1 47. Kf4 Nd3+ 48. Kg5 Nxf2 49. Kxg6 Ke6 50. Ne2 Ke5 51. Ng3 Nd1 52. Nxf5 Nc3 53. Kg5 Nxa2 54. Kxg4 Nc3 55. Nd4 a4 56. Kf3 a3 57. g4 a2 58. Nb3 Kd5 59. e4+ Nxe4 60. Ke3 Nc5 61. Na1 Kc4 62. g5 Kc3 0-1